000 01212nam0a2200349 4500
001 RU\NLR\bibl\1789265
005 20260406061312.0
010 _a978-5-9968-0002-5
_97000
021 _aRU
_b2011-46171
_93282
035 _a(NLR Aleph) 001779975
090 _a1691381
_c1691381
100 _a20110627d2011 |||y0rusy50 ca
101 0 _arus
102 _aRU
105 _ay |||||||||
200 1 _aТолкование на псалмы
_fсвт. Афанасий Великий
210 _aМосква
_cБлаговест
_d2011
215 _a527 с.
_d21
605 _aБиблия
_iВетхий Завет
_iПсалтырь
_xТолкование
_92191472
_3RU\NLR\auth\661317340
606 1 _aПатристика
_92291912
_3RU\NLR\auth\661372588
686 _aЭ37-210.913
686 _aЭ37-4
700 0 _4070
_8rus
_7ca
_aАфанасий Великий
_cархиепископ Александрийский
_f295-373
_3RU\NLR\AUTH\7711541
_9121283
801 0 _aRU
_bRuMoRKP
_c20110627
_grcr
801 1 _aRU
_bРГБ
_c20110627
801 2 _aRU
_bNLR
_c20110715
_grcr
942 _cBOOK
980 _aNB
980 _aNBR